MELODRAMMI DI METASTASIO. DIDONE ABBANDONATA. ATTILIO REGOLO (Record n. 295136)
[ formato base ]
| 000 -LEADER | |
|---|---|
| fixed length control field | 01149nam a2200229Ia 4500 |
| 001 - CONTROL NUMBER | |
| control field | L852-36329 |
| 003 - CONTROL NUMBER IDENTIFIER | |
| control field | IT-CnALBA |
| 008 - FIXED-LENGTH DATA ELEMENTS--GENERAL INFORMATION | |
| fixed length control field | 170116s9999||||xx |||||||||||||| ||und|| |
| 040 ## - CATALOGING SOURCE | |
| Original cataloging agency | IT-CnALBA |
| Transcribing agency | IT-CnALBA |
| 041 ## - LANGUAGE CODE | |
| Language code of text/sound track or separate title | ITALIANO |
| 999 ## - SYSTEM CONTROL NUMBERS (KOHA) | |
| Koha Dewey Subclass [OBSOLETE] | SI |
| 100 ## - MAIN ENTRY--PERSONAL NAME | |
| Personal name | METASTASIO PIETRO, ABATE |
| 245 #0 - TITLE STATEMENT | |
| Title | MELODRAMMI DI METASTASIO. DIDONE ABBANDONATA. ATTILIO REGOLO |
| 250 ## - EDITION STATEMENT | |
| Edition statement | 1a ed. |
| 260 ## - PUBLICATION, DISTRIBUTION, ETC. (IMPRINT) | |
| Place of publication, distribution, etc. | TO |
| Name of publisher, distributor, etc. | UTET, UNIONE TIP. EDITR. TORINESE |
| Date of publication, distribution, etc. | 1944 [1° Ed.:1944] |
| 300 ## - PHYSICAL DESCRIPTION | |
| Extent | 124 p. (prefazione: 44) |
| 500 ## - GENERAL NOTE | |
| General note | CON NOTE. CURATORE BERNARDI C., INTRODUZIONE. NOTA BIBLIOGRAFICA SULL'AUTORE. PERSONAGGI ALL'INIZIO DEI MELODRAMMI. ENEA DIDONE IARBA. SELENA. ARASPE. OSMIDA. REGOLO. MANLIO. PUBLIO. BARCE. LICINIO. AMILCARE. |
| 501 ## - WITH NOTE | |
| With note | Società San Paolo EM - Piazza San Paolo, 14 - 12051 ALBA (CN) (non commercial uses only) ® Copyright 2017 |
| 520 ## - SUMMARY, ETC. | |
| Summary, etc. | CON NOTE. CURATORE BERNARDI C., INTRODUZIONE. NOTA BIBLIOGRAFICA SULL'AUTORE. PERSONAGGI ALL'INIZIO DEI MELODRAMMI. ENEA DIDONE IARBA. SELENA. ARASPE. OSMIDA. REGOLO. MANLIO. PUBLIO. BARCE. LICINIO. AMILCARE. |
| 650 ## - SUBJECT ADDED ENTRY--TOPICAL TERM | |
| Topical term or geographic name as entry element | LETTERATURA DRAMMATICA E COMMEDIA |
| 942 ## - ADDED ENTRY ELEMENTS (KOHA) | |
| Koha item type | LIBRO |
| 957 ## - | |
| -- | 1 |
| 999 ## - SYSTEM CONTROL NUMBERS (KOHA) | |
| -- | Copie: 1 |
| Withdrawn status | Lost status | Damaged status | Not for loan | Home library | Current library | Date acquired | Total Checkouts | Full call number | Date last seen | Price effective from | Koha item type | Public note |
|---|---|---|---|---|---|---|---|---|---|---|---|---|
| Buone Condizioni | Not For Loan | ALBA - Biblioteca | ALBA - Biblioteca | 16/01/2017 | L852-36329 | 16/01/2017 | 16/01/2017 | LIBRO | (data import: 16 gennaio 2017) - By Epidotti, Vaglietti. |